000 00668nam a2200229Ia 4500
005 20241129110243.0
008 241129s9999||||xx |||||||||||||| ||und||
020 _a978-1-3501-8592-0
037 _aTB
040 _aARTS
_beng
_cARTS
041 _aeng
_2eng
084 _aR4,(G:55) Q5;R4
_qARTS
100 _aHourdequin Marion Au.
_9722890
245 0 _aEnvironmental ethics: from theory to pratice
_cHourdequin Marion Au.
250 _a2nd
260 _aNew Delhi, India
_bNew Bloomsbury Academic
_c2023
300 _axii,299p.
365 _aUKP
_b21.99
650 _aPhilosophyEthics
942 _cTB
_hR4,(G:55) Q5;R4
999 _c1227903
_d1227903